000 01057nam0a22002891 4500
001 rc\4888793
005 20200713161701.0
021 _aRU
_b[66-76962]
035 _a(NLR Aleph) 008921128
090 _a8824875
_c8824875
100 _a20130426d1966 |||y0rusy50 ca
101 0 _arus
102 _aRU
105 _aa z |||||
200 1 _aБайкальские предания
_aФольклорные записи
_e[Исследования и тексты]
210 _aУлан-Удэ
_cБуряткнигоиздат
_d1966
215 _a272 с.
_cил.
_d20
300 _aЗагл. 2-го изд.: Байкальские легенды и предания
517 0 _aБайкальские легенды и предания
606 _aПредания народов Восточной Сибири (х. л.)
_2psbo
700 1 _aЭлиасов
_bЛ. Е.
_f1914-1976
_gЛазарь Ефимович
801 0 _aRU
_bNLR
_gpsbo
801 1 _aRU
_bELAR
_2rusmarc
852 _aNLR
_j66-3/5792
942 _cBOOK
980 _aNB